00370 a2200121 4500001000900000005001700009008004100026245003900067100002700106700002500133773007300158999001700231ART_252520260410161727.0260409a 10aAcerca del concepto de uniformidad1 aFowler Newton, Enrique1 aFortini, Hernando L.0 tAdministración de empresasg- Año 4, Nº 42 (sep. 1973)wREV2036 c17479d17479